| 000 | 00383nam a2200181Ia 4500 | ||
|---|---|---|---|
| 100 | _aNise/ Norman | ||
| 650 | _aControl sytems | ||
| 250 | _a6 | ||
| 942 | _cBK | ||
| 366 | _f20 | ||
| 654 | _acontrol systems | ||
| 245 | _aControl sytem engineering | ||
| 260 |
_bWiley India _c2011 |
||
| 082 |
_a629.8312 _bNIS |
||
| 300 | _a926 | ||
| 546 |
_aENGLISH _cInfo.Tech |
||
| 999 |
_c32307 _d32307 |
||